000 00448nmm a2200169Ia 4500
008 251105s9999||||xx |||||||||||||||||und||
020 _a9788499538808
041 _aspa
100 _aColoma, Luis
245 0 _aCuentos para niños
264 _a[Madrid, España] :
_bLinkgua,
_c2019
300 _a63 páginas
490 _aNarrativa
650 _aAges 9-12 Years Old
856 _uhttps://public.digitaliapublishing.com/a/62437
942 _cCF
999 _c93119
_d93119